Financovanie environmentálnych projektov v skrátenom programovacom období

Obvyklé zdroje financovania environmentálnych projektov sú vzhľadom k ich prevažujúcemu nekomerčnému charakteru veľmi obmedzené. Nové možnosti pre ich financovanie nastali vstupom asociovaných krajín do EÚ. Analýza reálnych možností financovania environmentálnych projektov v podmienkach SR počas skr...

ver descrição completa

Na minha lista:
Detalhes bibliográficos
Autor principal: Adamišin, Peter
Formato: Capítulo de Livro
Idioma:eslovaco
Assuntos:
Tags: Adicionar Tag
Sem tags, seja o primeiro a adicionar uma tag!

MARC

LEADER 00000nla$a2200000$$$4500
001 0078119
005 20220801085332.3
041 0 |a slo 
044 |a CZ 
245 1 0 |a Financovanie environmentálnych projektov v skrátenom programovacom období  |c Peter Adamišin 
520 |a Obvyklé zdroje financovania environmentálnych projektov sú vzhľadom k ich prevažujúcemu nekomerčnému charakteru veľmi obmedzené. Nové možnosti pre ich financovanie nastali vstupom asociovaných krajín do EÚ. Analýza reálnych možností financovania environmentálnych projektov v podmienkach SR počas skráteného programového obdobia rokov 2004-2006. Celková výška podpory z EÚ dosahovala 400 miliónov eur. 
610 2 0 |a prostredie životné 
610 2 0 |a projekty 
610 2 0 |a financovanie projektové 
610 2 0 |a Európska únia 
610 2 0 |a fondy štruktúrne 
610 2 0 |a Slovensko 
100 1 |a Adamišin, Peter